Myraid Feelings/ (Record no. 192028)

MARC details
000 -LEADER
fixed length control field 00532nam a22001817a 4500
005 - DATE AND TIME OF LATEST TRANSACTION
control field 20220909105604.0
010 ## - LCCN (DPL NO)
LC control number ENG-134995
020 ## - INTERNATIONAL STANDARD BOOK NUMBER
International Standard Book Number 9788195517534
Terms of availability 99.00
035 ## - SYSTEM CONTROL NUMBER
System control number EN-118527
037 ## - SOURCE OF ACQUISITION
Source of stock number/acquisition DBAD/PUB
082 ## - DEWEY DECIMAL CLASSIFICATION NUMBER
Classification number 881
100 ## - MAIN ENTRY--PERSONAL NAME
Personal name Sarkar, Rashmi
245 ## - TITLE STATEMENT
Title Myraid Feelings/
Statement of responsibility, etc Rashmi Sarkar
260 ## - PUBLICATION, DISTRIBUTION, ETC. (IMPRINT)
Place of publication, distribution, etc Assam
Name of publisher, distributor, etc Guwahati Grand Poetry Festival
Date of publication, distribution, etc 2021
270 ## - ADDRESS
Address House No. 09, Dr. Bhupen Hazarika Road, Kharghuli
City Kharghuli
Postal code 781004
300 ## - PHYSICAL DESCRIPTION
Extent 48p.
Dimensions 21cm(pbk)
942 ## - ADDED ENTRY ELEMENTS (KOHA)
Source of classification or shelving scheme Dewey Decimal Classification
Item type English Books
Classification part 881
Call number suffix SAR
Holdings
Withdrawn status Lost status Not for loan Collection code Home library Current library Date acquired Source of acquisition Cost, normal purchase price Full call number Barcode Copy number Cost, replacement price Koha item type
      Non-fiction Bawana Bawana 09/09/2022 DBAD/PUB 99.00 881 SAR EN-118527 1 99.00 English Books

© Delhi Public Library
Hit Counter
free hit counter